Australia States - Statistics

General Stats
  • This quiz has been taken 9 times
  • The average score is 4 of 6
Answer Stats
Hint Answer % Correct
Bottom New South Wales
86%
Right Queensland
86%
Left Western Australia
71%
Island Tasmania
57%
Bottom Victoria
43%
Bottom South Australia
29%
No matching quizzes found
Score Distribution
Percent of People with Each Score
Percentile by Number Answered
Your Score History
You have not taken this quiz